000 00468 a2200169 4500
005 20250626122310.0
020 _a978-0-12-822203-4
082 _a658.514 DUE
100 _aDUENING, N. T
245 _aTechnology Entrepreneurship: Taking Innovation to Marketplace
250 _a3rd Ed.
260 _aLondon
_bAcademic Press
_c2021
300 _axxi,416p.: ill.;figures
_bIndex
_c23cm
700 _aRobert D. Hisrich
700 _aMichael A. Lechter
942 _2ddc
_cBKS
999 _c5313
_d5313